Songs on Taylor Swift's Self-Titled Album - Statistics

General Stats
  • This quiz has been taken 8 times
  • The average score is 12 of 14
Answer Stats
Answer % Correct
Cold As You
100%
Picture To Burn
100%
Teardrops On My Guitar
100%
Tim McGraw
100%
A Perfectly Good Heart
88%
A Place in this World
88%
Should've Said No
88%
I'm Only Me When I'm With You
75%
Invisible
75%
Mary's Song (Oh My My My)
75%
Our Song
75%
Stay Beautiful
75%
The Outside
75%
Tied Together with a Smile
75%
No matching quizzes found
Score Distribution
Percent of People with Each Score
Percentile by Number Answered
Your Score History
You have not taken this quiz